週末パスの末端駅 - Statistics

General Stats
  • This quiz has been taken 93 times
  • The average score is 22 of 33
Answer Stats
Hint Answer % Correct
静岡県 伊豆急下田
86%
神奈川県 大川
84%
神奈川県 海芝浦
82%
神奈川県 久里浜
82%
千葉県 銚子
82%
群馬県 大前
81%
東京都 奥多摩
81%
栃木県 日光
81%
宮城県 女川
79%
東京都 武蔵五日市
78%
神奈川県 扇町
77%
新潟県 弥彦
77%
千葉県 上総亀山
75%
山形県 左沢
74%
山梨県 河口湖
74%
栃木県 烏山
73%
群馬県 横川
73%
長野県 南小谷
71%
千葉県 成田空港
67%
宮城県 くりこま高原
66%
秋田県 湯沢
64%
福島県 飯坂温泉
62%
長野県 湯田中
62%
福島県 会津田島
60%
山形県 酒田
60%
茨城県 阿字ヶ浦
58%
長野県 新島々
58%
長野県 別所温泉
55%
山形県 荒砥
52%
静岡県 常陸太田
48%
新潟県 ガーラ湯沢
47%
宮城県 あおば通
44%
宮城県 利府
34%
No matching quizzes found
Score Distribution
Percent of People with Each Score
Percentile by Number Answered
Your Score History
You have not taken this quiz